Tilastot visalle Nimeä saarivaltio A-Ö

Klikkaa tästä pelataksesi tätä visaa!

Yleistilastot

  • Tätä visaa on pelattu 961 kertaa
  • Keskiarvotulos 14 / 17

Vastaustilastot

kirjainvaltio% Oikein
MMadagaskar | Malediivit | Malta | Marshallinsaaret | Mauritius | Mikronesia
96%
IIndonesia | Irlanti | Islanti | Itä-Timor
93%
KKap Verde | Kiribati | Komorit | Kuuba | Kypros
93%
SSt. Kitts ja Nevis | St. Lucia | St. Vincent ja Grenadiinit | Salomonsaaret | Samoa | São Tomé ja Príncipe | Seychellit | Singapore | Sri Lanka
92%
FFidži | Filippiinit
91%
BBahama | Bahrain | Barbados | Brunei
90%
TTaiwan | Tonga | Trinidad ja Tobago | Tuvalu
90%
JJamaika | Japani
88%
HHaiti
85%
PPalau | Papua-Uusi-Guinea
81%
VVanuatu
80%
NNauru
77%
AAntigua ja Barbuda
75%
DDominica | Dominikaaninen tasavalta
74%
UUusi-Seelanti
70%
GGrenada
66%
YYhdistynyt kuningaskunta
59%

Tulosjakauma

Persentiili vastausten määrän mukaan

Jokaisen tuloksen saaneiden osuus

Tuloshistoriasi

Et ole pelannut tätä visaa